[Event "?"]
[Site "?"]
[Date "????.??.??"]
[Round "?"]
[White "Bondick, K."]
[Black "Danner, G."]
[Result "0-1"]
[WhiteElo "2167"]
[BlackElo "2429"]
[PlyCount "112"]
[EventDate "2010.??.??"]

1. d4 Nf6 2. c4 e6 3. Nc3 Bb4 4. Bd2 Nc6 5. e3 O-O 6. f4 d5 7. Nf3 b6 8. Bd3
Bb7 9. Qc2 dxc4 10. Bxc4 Ne7 11. O-O c5 12. a3 Bxc3 13. bxc3 Rc8 14. Qa2 Ne4
15. Rac1 Rc7 16. Ne5 Bd5 17. Bxd5 Qxd5 18. c4 Qb7 19. Rfd1 cxd4 20. exd4 Rd8
21. Be3 Nf5 22. Qb3 Nf6 23. Qd3 Qe4 24. Bf2 Qxf4 25. Rc2 Qe4 26. g4 Qxd3 27.
Rxd3 Ne7 28. Bh4 Ng6 29. Bg3 Nxe5 30. Bxe5 Rcd7 31. Bxf6 gxf6 32. Rcd2 Rc8 33.
Rc3 e5 34. d5 Rc5 35. a4 Kg7 36. Kf2 h5 37. gxh5 f5 38. Ke3 Kf6 39. h4 Rc8 40.
a5 Rg8 41. Kd3 Rg3+ 42. Kc2 Rg4 43. Kb3 Rxh4 44. Kb4 e4 45. Kb5 Rd6 46. Ka6 e3
47. Re2 f4 48. Kxa7 bxa5 49. Kb7 Rxh5 50. Kc7 Ke5 51. Ra3 f5 52. Raxe3+ fxe3
53. Rxe3+ Kd4 54. Kxd6 Kxe3 55. c5 f4 56. c6 Kd4 0-1

[Event "?"]
[Site "?"]
[Date "????.??.??"]
[Round "?"]
[White "Wittmann, W."]
[Black "Werchan, H."]
[Result "1-0"]
[WhiteElo "2294"]
[BlackElo "2149"]
[PlyCount "77"]
[EventDate "2010.??.??"]

1. e4 c5 2. Nf3 d6 3. d4 cxd4 4. Nxd4 Nf6 5. Nc3 a6 6. a4 e5 7. Nf3 Qc7 8. Bg5
Nbd7 9. Nd2 b6 10. Bc4 Bb7 11. Qe2 Be7 12. O-O O-O 13. Rfd1 Rfe8 14. Nf1 h6 15.
Bxf6 Nxf6 16. Nd5 Nxd5 17. Bxd5 Bxd5 18. Rxd5 Rec8 19. c3 Qc4 20. Qxc4 Rxc4 21.
f3 Rc6 22. Ne3 g6 23. Kf2 Kg7 24. Rd3 Kf6 25. h3 Ke6 26. Nd5 f5 27. c4 h5 28.
Rad1 fxe4 29. fxe4 Rf8+ 30. Ke2 a5 31. Rg3 Rg8 32. Rf1 Bd8 33. Rgf3 Rg7 34. Rf8
Rc8 35. Re8+ Kd7 36. Rff8 Rb8 37. Rh8 h4 38. Rhf8 g5 39. b3 1-0

[Event "?"]
[Site "?"]
[Date "????.??.??"]
[Round "?"]
[White "Kwatschewsky, L."]
[Black "Graßmann, H."]
[Result "1-0"]
[WhiteElo "2233"]
[BlackElo "1964"]
[PlyCount "51"]
[EventDate "2010.??.??"]

1. e4 c5 2. Nf3 d6 3. d4 cxd4 4. Nxd4 Nf6 5. Nc3 a6 6. Bg5 e6 7. Qf3 Be7 8.
O-O-O Qc7 9. Bd3 Bd7 10. Qg3 Nc6 11. Nb3 O-O-O 12. f3 Na5 13. Be3 Nxb3+ 14.
axb3 Bc6 15. Qxg7 Rdf8 16. Qg3 Rfg8 17. Qf2 d5 18. exd5 Nxd5 19. Nxd5 Bxd5 20.
Kb1 Bf6 21. g3 h5 22. Rhe1 h4 23. Bf4 Qc6 24. Qa7 e5 25. Rxe5 Be6 26. Rc5 1-0

[Event "?"]
[Site "?"]
[Date "????.??.??"]
[Round "?"]
[White "Mishuchkov, N."]
[Black "Ghijsen, P."]
[Result "1-0"]
[WhiteElo "2396"]
[BlackElo "2171"]
[PlyCount "47"]
[EventDate "2010.??.??"]

1. Nf3 Nf6 2. c4 c6 3. g3 d5 4. Qc2 e6 5. Bg2 Be7 6. O-O O-O 7. d4 b5 8. b3 Bb7
9. Nbd2 Nbd7 10. Rd1 bxc4 11. bxc4 c5 12. cxd5 exd5 13. Rb1 Bc6 14. Ne5 Nxe5
15. dxe5 Nd7 16. Nb3 Nxe5 17. Nxc5 Rc8 18. Nd3 Bb5 19. Qb3 Nxd3 20. exd3 Bc6
21. Bf4 Qa5 22. Re1 Bf6 23. Be5 Rfe8 24. Bd4 1-0

[Event "?"]
[Site "?"]
[Date "????.??.??"]
[Round "?"]
[White "Karasev, V."]
[Black "Oud, N."]
[Result "1-0"]
[WhiteElo "2344"]
[BlackElo "2038"]
[PlyCount "34"]
[EventDate "2010.??.??"]

1. Nf3 Nf6 2. c4 e6 3. b3 d5 4. Bb2 c5 5. e3 Nc6 6. cxd5 exd5 7. d3 Bd6 8. Be2
O-O 9. Nbd2 Qe7 10. a3 Re8 11. O-O Bf5 12. Re1 Rad8 13. Bf1 Ng4 14. h3 Nge5 15.
Nxe5 Bxe5 16. Bxe5 Qxe5 17. Rc1 Qd6 1-0

[Event "?"]
[Site "?"]
[Date "????.??.??"]
[Round "?"]
[White "Van Dongen, R."]
[Black "Dommes, V."]
[Result "0-1"]
[WhiteElo "1940"]
[BlackElo "2297"]
[PlyCount "98"]
[EventDate "2010.??.??"]

1. d4 Nf6 2. Nf3 g6 3. c4 Bg7 4. Nc3 c5 5. e3 O-O 6. Be2 cxd4 7. exd4 d5 8. O-O
Nc6 9. Be3 dxc4 10. Bxc4 Ng4 11. Qd2 Bf5 12. Rad1 Nxe3 13. fxe3 Rc8 14. b3 a6
15. Rc1 b5 16. Bd3 Nxd4 17. Nxd4 Bxd4 18. Bxf5 Bxc3 19. Qxd8 Rcxd8 20. Rxc3
gxf5 21. Rxf5 Rd1+ 22. Rf1 Rfd8 23. Rc2 R8d2 24. Rxd2 Rxd2 25. Rf2 Rd1+ 26. Rf1
Rd3 27. Rf3 e6 28. e4 Rd1+ 29. Rf1 Rd4 30. Rc1 Rd2 31. a4 bxa4 32. bxa4 Ra2 33.
Rc4 Kg7 34. e5 Kg6 35. h3 Kf5 36. Kh2 Kxe5 37. Rc5+ Kf4 38. Ra5 e5 39. Rxa6 f5
40. Rh6 Ra3 41. Rxh7 e4 42. Rh4+ Kg5 43. Rh8 Rxa4 44. Rg8+ Kf4 45. Rg3 e3 46.
Rf3+ Ke4 47. Kg3 Ra1 48. Rf4+ Ke5 49. Rf3 f4+ 0-1

[Event "?"]
[Site "?"]
[Date "????.??.??"]
[Round "?"]
[White "Lederman, L."]
[Black "Bodach, H."]
[Result "1-0"]
[WhiteElo "2291"]
[BlackElo "2103"]
[PlyCount "102"]
[EventDate "2010.??.??"]

1. e4 c5 2. Nf3 Nc6 3. d4 cxd4 4. Nxd4 Nf6 5. Nc3 g6 6. Be3 Bg7 7. Bc4 Qa5 8.
O-O O-O 9. Nb3 Qc7 10. f4 d6 11. Be2 a6 12. Bf3 Bd7 13. Qe1 Rac8 14. Qh4 b5 15.
a3 Rfd8 16. Rae1 Be8 17. g4 e6 18. f5 Nd7 19. Bg2 b4 20. axb4 Nxb4 21. Re2 Qc4
22. f6 Nxf6 23. Rxf6 Nxc2 24. Rxc2 Qxb3 25. Rcf2 Rd7 26. R6f3 f6 27. g5 f5 28.
exf5 gxf5 29. Bf1 Qb7 30. Rh3 Bg6 31. Qa4 Ra8 32. Rd2 d5 33. Rh4 Rc7 34. Rb4
Qc6 35. Rb6 Qxa4 36. Nxa4 Bf7 37. Nc3 Be5 38. Ne2 a5 39. Bd4 Bg7 40. Bxg7 Kxg7
41. Nd4 Re7 42. Re2 Kg6 43. h4 Kh5 44. Rh2 Kg4 45. Nc6 Rc7 46. Ne5+ Kf4 47.
Nxf7 Rxf7 48. Rxe6 Rd7 49. Rf2+ Kg4 50. Be2+ Kxh4 51. Rg2 h5 1-0

[Event "?"]
[Site "?"]
[Date "????.??.??"]
[Round "?"]
[White "Böhm, E."]
[Black "Stepak, Y."]
[Result "1/2-1/2"]
[WhiteElo "2228"]
[BlackElo "2238"]
[PlyCount "88"]
[EventDate "2010.??.??"]

1. e4 c5 2. Nc3 e6 3. g3 Nc6 4. Bg2 g6 5. d3 Bg7 6. Be3 d6 7. Qd2 Rb8 8. Nd1 e5
9. c3 b5 10. Ne2 Qa5 11. O-O Nge7 12. f3 O-O 13. Nf2 b4 14. c4 Qc7 15. b3 f5
16. Rad1 Nd8 17. Nh3 Ne6 18. Ng5 Nc6 19. Nxe6 Bxe6 20. f4 Nd4 21. Kh1 Qd7 22.
fxe5 dxe5 23. Nxd4 exd4 24. Bf4 Rbe8 25. Rde1 fxe4 26. Bxe4 Bh3 27. Bd5+ Kh8
28. Rxe8 Rxe8 29. Re1 Rxe1+ 30. Qxe1 Bf5 31. Qe2 h6 32. Kg2 Kh7 33. Be4 Qe6 34.
Bf3 Bf8 35. g4 Qxe2+ 36. Bxe2 Bd7 37. Bb8 a5 38. Kf3 Kg7 39. Ke4 Bc6+ 40. Ke5
Kf7 41. Bc7 g5 42. Bxa5 Ke7 43. Bb6 Bg7+ 44. Kf5 Kf7 1/2-1/2

[Event "?"]
[Site "?"]
[Date "????.??.??"]
[Round "?"]
[White "Peretz, M."]
[Black "Rozov, B."]
[Result "1/2-1/2"]
[WhiteElo "2268"]
[BlackElo "2174"]
[PlyCount "95"]
[EventDate "2010.??.??"]

1. e4 c6 2. d4 d5 3. Nc3 dxe4 4. Nxe4 Nf6 5. Nxf6+ gxf6 6. Nf3 Bf5 7. Bc4 e6 8.
Bf4 Nd7 9. O-O Nb6 10. Bb3 Nd5 11. Bg3 Bd6 12. Qd2 Be4 13. Nh4 Bxg3 14. hxg3
Qd6 15. Rfe1 Bg6 16. Rad1 Ne7 17. Qh6 O-O-O 18. Qg7 Bh5 19. Rd3 Qb4 20. Ree3 f5
21. Qf6 Rhf8 22. c4 Bg6 23. Rd1 Bh5 24. Rdd3 Bg6 25. f4 Ng8 26. Qe5 Qd6 27. Qa5
Kb8 28. Nf3 Nf6 29. Ne5 Ne4 30. Bd1 f6 31. Nxg6 hxg6 32. Bf3 Nxg3 33. Bxc6 Qxc6
34. Rxg3 Qxc4 35. Qd2 Rg8 36. b3 Qc6 37. Qe3 Qe4 38. Kf2 Rd7 39. Rd2 Qxe3+ 40.
Kxe3 Rc7 41. Kf2 Kc8 42. Re3 Rc6 43. d5 exd5 44. Rxd5 Rd8 45. Rxd8+ Kxd8 46. a3
Rc2+ 47. Kg1 Rc1+ 48. Kh2 1/2-1/2

[Event "?"]
[Site "?"]
[Date "????.??.??"]
[Round "?"]
[White "Schwertel, J."]
[Black "Hurme, H."]
[Result "0-1"]
[WhiteElo "1990"]
[BlackElo "2343"]
[PlyCount "92"]
[EventDate "2010.??.??"]

1. d4 g6 2. Nf3 Bg7 3. c3 d6 4. Bf4 Nd7 5. e3 e5 6. dxe5 dxe5 7. Bg5 Ngf6 8.
Bc4 O-O 9. O-O Qe7 10. Qb3 Nb6 11. Be2 h6 12. Bh4 g5 13. Bg3 Ne4 14. Nbd2 Nxg3
15. hxg3 e4 16. Nh2 a5 17. a3 Bd7 18. Qc2 Rfe8 19. g4 Ba4 20. Qc1 Rad8 21. Re1
Nd7 22. b3 Bc6 23. Ra2 Ne5 24. Nb1 Nd3 25. Bxd3 Rxd3 26. Rd2 Red8 27. Red1 Qe6
28. Rxd3 exd3 29. Nd2 Be5 30. Nhf3 Qxg4 31. b4 b6 32. c4 axb4 33. axb4 Ra8 34.
Qb1 Bc3 35. e4 Ra1 36. Qb3 Rxd1+ 37. Qxd1 Bxe4 38. Nxe4 Qxe4 39. Qb3 Be5 40.
Qa4 Bf4 41. Qd7 Qxc4 42. g3 Bd6 43. b5 Qe4 44. Qc6 Qxc6 45. bxc6 Bb4 46. Kf1
Bc3 0-1

[Event "?"]
[Site "?"]
[Date "????.??.??"]
[Round "?"]
[White "Havansi, E."]
[Black "Denda, R."]
[Result "1-0"]
[WhiteElo "2240"]
[BlackElo "2043"]
[PlyCount "129"]
[EventDate "2010.??.??"]

1. c4 e6 2. g3 d5 3. Bg2 c6 4. Qc2 Nf6 5. Nf3 Nbd7 6. O-O Bd6 7. d4 O-O 8. Nc3
Re8 9. Rd1 h6 10. e4 dxe4 11. Nxe4 Nxe4 12. Qxe4 Nf6 13. Qc2 Qe7 14. b3 Bd7 15.
Bb2 Rad8 16. Re1 Ba3 17. Bc3 Bb4 18. Ne5 Bxc3 19. Qxc3 Qd6 20. Rad1 Qc7 21. b4
a6 22. h3 Bc8 23. Rd3 Nd7 24. Ng4 f5 25. Ne3 Nf6 26. Red1 f4 27. Nc2 fxg3 28.
Rxg3 e5 29. d5 cxd5 30. cxd5 Qxc3 31. Rxc3 Bd7 32. Ne3 Rc8 33. Rdc1 Rxc3 34.
Rxc3 Rc8 35. Rxc8+ Bxc8 36. Nc4 e4 37. Nd6 Bd7 38. Nxb7 Nxd5 39. a3 Nc3 40. Nc5
Bc8 41. Nxe4 Nb5 42. a4 Nc7 43. Kf1 Kf8 44. Nc5 Ke7 45. Ke2 Kd6 46. Kd3 Bf5+
47. Kd4 Ne6+ 48. Nxe6 Bxe6 49. Bf1 Bd7 50. a5 Bc8 51. h4 g5 52. hxg5 hxg5 53.
Bg2 Bd7 54. Bb7 Bb5 55. Ke4 Ke6 56. Bc8+ Kd6 57. Bb7 Ke6 58. Bd5+ Kd6 59. Bb3
Bd7 60. Bc4 Bc8 61. Be2 Kc6 62. Ke5 g4 63. Ke4 Kd6 64. Kf4 Kd5 65. Bxg4 1-0

[Event "?"]
[Site "?"]
[Date "????.??.??"]
[Round "?"]
[White "Vucenovic, D."]
[Black "Krebs, D."]
[Result "1/2-1/2"]
[WhiteElo "2288"]
[BlackElo "2123"]
[PlyCount "80"]
[EventDate "2010.??.??"]

1. d4 Nf6 2. Nf3 g6 3. g3 Bg7 4. Bg2 O-O 5. O-O d5 6. c4 c6 7. Nc3 Ne4 8. cxd5
cxd5 9. Bf4 Nxc3 10. bxc3 Nc6 11. h3 Qa5 12. Qb3 e6 13. Nd2 Qa6 14. e4 Na5 15.
Qa3 b6 16. exd5 exd5 17. Rfe1 Be6 18. Nb3 Rfd8 19. Bf1 Qc8 20. Nxa5 Bf8 21. Qa4
bxa5 22. h4 Qxc3 23. Bg5 Rd6 24. Rec1 Qb4 25. Qd1 Rb6 26. Rab1 Qa3 27. Rxb6
axb6 28. Rc6 Qb4 29. a3 Qxa3 30. Rxb6 Bf5 31. Bg2 Be4 32. h5 Bxg2 33. Kxg2 a4
34. hxg6 hxg6 35. Qb1 Qc3 36. Rxg6+ fxg6 37. Qxg6+ Bg7 38. Qe6+ Kh8 39. Qh3+
Kg8 40. Qe6+ Kh8 1/2-1/2

[Event "?"]
[Site "?"]
[Date "????.??.??"]
[Round "?"]
[White "Neumann, H."]
[Black "Bhend, E."]
[Result "0-1"]
[WhiteElo "1982"]
[BlackElo "2208"]
[PlyCount "82"]
[EventDate "2010.??.??"]

1. d4 d5 2. Nf3 Nc6 3. Bf4 Bg4 4. Nbd2 e6 5. e3 Bd6 6. Bg3 Nf6 7. Be2 O-O 8. c4
dxc4 9. Bxc4 e5 10. dxe5 Nxe5 11. Bxe5 Bxe5 12. Qb3 Qe7 13. Nxe5 Qxe5 14. O-O
Rad8 15. Nf3 Bxf3 16. gxf3 b6 17. Rad1 Qg5+ 18. Kh1 Qh5 19. Kg2 Rde8 20. Be2 c5
21. Qc4 Qe5 22. Rd2 Re6 23. Rfd1 Rfe8 24. b3 Qg5+ 25. Kf1 h6 26. Rd8 Qf5 27.
Rxe8+ Nxe8 28. Qg4 Qxg4 29. fxg4 Rd6 30. Rxd6 Nxd6 31. f3 Kf8 32. Bd3 Ke7 33.
Ke2 g5 34. Kd2 Ke6 35. Kc3 b5 36. a3 a5 37. h3 Ke5 38. Bc2 f6 39. Bb1 c4 40.
Ba2 cxb3 41. Bxb3 f5 0-1

[Event "?"]
[Site "?"]
[Date "????.??.??"]
[Round "?"]
[White "Hohler, P."]
[Black "Paulsen, E."]
[Result "1-0"]
[WhiteElo "2203"]
[BlackElo "1868"]
[PlyCount "73"]
[EventDate "2010.??.??"]

1. d4 Nf6 2. c4 g6 3. Nc3 Bg7 4. e4 d6 5. f3 O-O 6. Be3 e6 7. Bd3 a6 8. Nge2 b6
9. O-O Bb7 10. Qd2 Nbd7 11. Bh6 c5 12. Bxg7 Kxg7 13. Rad1 Qc7 14. Kh1 Rfd8 15.
b3 Rac8 16. d5 e5 17. f4 Rf8 18. Ng3 Qd8 19. f5 Ng4 20. Be2 Qh4 21. Bxg4 Qxg4
22. Rf3 Qh4 23. Rdf1 Qd8 24. f6+ Kh8 25. h4 Rg8 26. Qg5 Nf8 27. Kh2 Rc7 28. Rh1
Bc8 29. Nf1 Bd7 30. Ne3 b5 31. Rff1 b4 32. Ncd1 a5 33. Nf2 a4 34. Nfg4 Bxg4 35.
Nxg4 Nd7 36. Nh6 axb3 37. Nxf7# 1-0

[Event "?"]
[Site "?"]
[Date "????.??.??"]
[Round "?"]
[White "Baumbach, F."]
[Black "Salov, S."]
[Result "1/2-1/2"]
[WhiteElo "2261"]
[BlackElo "2276"]
[PlyCount "40"]
[EventDate "2010.??.??"]

1. d4 Nf6 2. c4 c5 3. d5 e5 4. Nc3 d6 5. e4 Be7 6. Be2 O-O 7. Nf3 a6 8. O-O Ne8
9. a3 g6 10. b4 Nd7 11. Bh6 Ng7 12. Qd2 b6 13. Rab1 Kh8 14. Rb2 Nf6 15. Ne1 Ng8
16. Be3 f5 17. f4 exf4 18. Bxf4 g5 19. Bg3 f4 20. Bf2 Bf6 1/2-1/2

[Event "?"]
[Site "?"]
[Date "????.??.??"]
[Round "?"]
[White "Böttcher, U."]
[Black "Postler, R."]
[Result "0-1"]
[WhiteElo "2063"]
[BlackElo "2325"]
[PlyCount "102"]
[EventDate "2010.??.??"]

1. c4 Nf6 2. Nc3 e5 3. g3 Bb4 4. Bg2 O-O 5. Nf3 Nc6 6. O-O Bxc3 7. dxc3 Re8 8.
Qc2 d6 9. e4 Be6 10. b3 Qc8 11. Nh4 Bh3 12. f3 Ne7 13. g4 Bxg2 14. Qxg2 Nd7 15.
Kh1 Nf8 16. Be3 Neg6 17. Nf5 Ne6 18. Rad1 Ngf4 19. Qf2 g6 20. Bxf4 Nxf4 21.
Nh6+ Kg7 22. Qh4 f6 23. g5 fxg5 24. Qxg5 Qd8 25. Nf5+ Kh8 26. Qxd8 Raxd8 27.
Ne3 Ne6 28. Rd2 Rd7 29. Kg2 Rf7 30. Nd5 Kg7 31. h4 Ref8 32. Kg3 b6 33. Rdf2 Nc5
34. h5 gxh5 35. Ne3 h4+ 36. Kg2 Nd3 37. Rd2 Nf4+ 38. Kh2 Rf6 39. Nf5+ Kf7 40.
a4 Rg8 41. a5 Rfg6 42. axb6 axb6 43. Ra1 Ke6 44. Ra7 Rg3 45. Nxg3 hxg3+ 46. Kg1
g2 47. Ra1 Nh3+ 48. Kh2 g1=Q+ 49. Rxg1 Nxg1 50. Rf2 h5 51. Rf1 Ne2 0-1

[Event "?"]
[Site "?"]
[Date "????.??.??"]
[Round "?"]
[White "Lieb, H."]
[Black "Felser, F."]
[Result "1/2-1/2"]
[WhiteElo "2249"]
[BlackElo "2072"]
[PlyCount "115"]
[EventDate "2010.??.??"]

1. d4 Nf6 2. c4 e6 3. Nf3 b6 4. g3 Ba6 5. b3 Be7 6. Bg2 Bb7 7. O-O O-O 8. Nc3
d5 9. Bb2 Nbd7 10. Rc1 c5 11. cxd5 exd5 12. Nh4 Re8 13. Nf5 Bf8 14. Nb5 Ba6 15.
a4 g6 16. Nh4 Bb7 17. Nf3 a6 18. Nc3 Bg7 19. Re1 Ne4 20. e3 Rc8 21. Re2 Rc7 22.
Rec2 Qe7 23. Nxe4 dxe4 24. Nd2 Bd5 25. Ba3 Qe6 26. a5 Rb7 27. dxc5 bxc5 28.
Bxc5 Nxc5 29. Rxc5 Bf8 30. Rc7 Bxb3 31. Nxb3 Qxb3 32. Qxb3 Rxb3 33. Bf1 Ra3 34.
Bxa6 Rxa5 35. Bc4 Re7 36. Rc8 Rea7 37. Kg2 Kg7 38. Rb1 Rc5 39. Rbb8 Rxc8 40.
Rxc8 h5 41. h3 Bd6 42. Bd5 Re7 43. g4 Re5 44. Ba8 h4 45. Rc4 f5 46. Rd4 Bc5 47.
Rd8 Be7 48. Rc8 Rc5 49. Rb8 Ra5 50. Bc6 Rc5 51. Bd7 Rc7 52. Be6 Kf6 53. gxf5
gxf5 54. Bc8 Ke5 55. Ba6 f4 56. exf4+ Kxf4 57. Rg8 Ke5 58. Rc8 1/2-1/2

[Event "?"]
[Site "?"]
[Date "????.??.??"]
[Round "?"]
[White "Meiwald, G."]
[Black "Brameyer, H."]
[Result "0-1"]
[WhiteElo "2055"]
[BlackElo "2237"]
[PlyCount "45"]
[EventDate "2010.??.??"]

1. d4 Nf6 2. Nf3 e6 3. Bf4 c5 4. e3 Qb6 5. b3 Nc6 6. c3 Be7 7. Bd3 O-O 8. Nbd2
cxd4 9. cxd4 Nb4 10. Nc4 Qd8 11. O-O Nxd3 12. Qxd3 d6 13. e4 b6 14. Rfe1 Ba6
15. Qd2 Nxe4 16. Rxe4 d5 17. Nce5 dxe4 18. Nc6 Qe8 19. Nxe7+ Qxe7 20. Bd6 Qd7
21. Bxf8 Rxf8 22. Rc1 Rd8 23. Rd1 0-1

[Event "?"]
[Site "?"]
[Date "????.??.??"]
[Round "?"]
[White "Kolbak, J."]
[Black "Jenkins, T."]
[Result "1/2-1/2"]
[WhiteElo "2344"]
[BlackElo "1969"]
[PlyCount "56"]
[EventDate "2010.??.??"]

1. f4 Nc6 2. Nf3 d5 3. e3 a6 4. b3 Nf6 5. Bb2 g6 6. Be2 Bg7 7. O-O O-O 8. Ne5
Nd7 9. Nxc6 bxc6 10. Bxg7 Kxg7 11. Nc3 e5 12. fxe5 Nxe5 13. d4 Nd7 14. e4 Qg5
15. Qc1 Qxc1 16. Raxc1 Nb6 17. Bf3 Be6 18. e5 a5 19. a4 Rad8 20. Rfe1 h5 21. h3
Nd7 22. Ne2 c5 23. Rcd1 cxd4 24. Nxd4 Nb8 25. Be2 c5 26. Nf3 Nc6 27. Bb5 Ne7
28. Ng5 Nf5 1/2-1/2

[Event "?"]
[Site "?"]
[Date "????.??.??"]
[Round "?"]
[White "Nielsen, P."]
[Black "Nilsen, K."]
[Result "0-1"]
[WhiteElo "2114"]
[BlackElo "1864"]
[PlyCount "150"]
[EventDate "2010.??.??"]

1. c4 Nf6 2. Nf3 c6 3. g3 d5 4. cxd5 cxd5 5. Bg2 e6 6. O-O Be7 7. Nc3 O-O 8. d4
Nc6 9. Bf4 a6 10. Rc1 Bd7 11. a3 Rc8 12. Qd3 Nh5 13. Bd2 f5 14. e3 Nf6 15. Rfd1
Ne4 16. Be1 Na5 17. Ne5 Nc4 18. Nxc4 Rxc4 19. f3 Nxc3 20. Bxc3 Rc8 21. Bd2 Bc6
22. Re1 Bf6 23. Qb3 Qd7 24. Bb4 Rfd8 25. Bd2 Ba4 26. Qa2 Rxc1 27. Rxc1 Rc8 28.
Bc3 Bc6 29. Rd1 g6 30. Qb1 Kf7 31. Qd3 Bb5 32. Qd2 Bc6 33. Re1 Re8 34. Qf2 Kg7
35. h3 Qf7 36. Bf1 h5 37. Bb4 Be7 38. Ba5 Bd8 39. Bc3 Bf6 40. Rc1 Qd7 41. Bd3
Rf8 42. Bb4 Re8 43. Qd2 e5 44. dxe5 Bxe5 45. f4 Bf6 46. Bf1 d4 47. Rd1 Qd5 48.
Qg2 Qxg2+ 49. Bxg2 Bxg2 50. Kxg2 dxe3 51. Rd7+ Kg8 52. Kf1 Bxb2 53. Rxb7 e2+
54. Ke1 Re3 55. Bd2 Bc3 56. Bxc3 Rxc3 57. Rb6 Kg7 58. Rxa6 Rxg3 59. Kxe2 Rxh3
60. Ra7+ Kh6 61. a4 h4 62. a5 Ra3 63. a6 Kh5 64. Rh7+ Kg4 65. a7 h3 66. Rh6
Kxf4 67. Rxg6 Rxa7 68. Rh6 Ra2+ 69. Kf1 h2 70. Rh8 h1=Q+ 71. Rxh1 Ra1+ 72. Kg2
Rxh1 73. Kxh1 Ke3 74. Kg2 f4 75. Kf1 Kf3 0-1

[Event "?"]
[Site "?"]
[Date "????.??.??"]
[Round "?"]
[White "Bachmann, K."]
[Black "Ingvason, S."]
[Result "1-0"]
[WhiteElo "2301"]
[BlackElo "2048"]
[PlyCount "59"]
[EventDate "2010.??.??"]

1. c4 Nf6 2. Nf3 g6 3. Nc3 Bg7 4. e4 d6 5. d4 O-O 6. Be2 c6 7. O-O Na6 8. Re1
Qc7 9. Rb1 Bg4 10. b4 Rad8 11. Qb3 Nb8 12. h3 Bc8 13. Be3 Nbd7 14. Red1 b6 15.
Rbc1 Qb8 16. a4 Bb7 17. c5 Ba8 18. cxd6 exd6 19. Bf4 Rfe8 20. Bc4 Rxe4 21.
Bxf7+ Kh8 22. Nxe4 Nxe4 23. Qe6 Ndf6 24. Ng5 Qb7 25. Nxe4 Nxe4 26. Qxe4 Qxf7
27. Bg5 Re8 28. Qf4 Qd5 29. Qg3 Bxd4 30. Bf6+ 1-0

[Event "?"]
[Site "?"]
[Date "????.??.??"]
[Round "?"]
[White "Johansson, P."]
[Black "Rosen, W."]
[Result "0-1"]
[WhiteElo "2060"]
[BlackElo "2287"]
[PlyCount "67"]
[EventDate "2010.??.??"]

1. d4 Nf6 2. Nf3 e6 3. c4 b6 4. g3 Bb7 5. Bg2 Bb4+ 6. Bd2 Be7 7. Nc3 O-O 8. O-O
d5 9. Ne5 c6 10. cxd5 exd5 11. Rc1 Nbd7 12. Nd3 Re8 13. Bg5 h6 14. Bf4 Nf8 15.
Ne5 Ne6 16. Qd3 a5 17. Rfd1 Bf8 18. Qf5 Qe7 19. a3 Rad8 20. Be3 c5 21. Nf3 g6
22. Qd3 Bg7 23. h3 Ne4 24. Qb5 Qc7 25. Nxe4 dxe4 26. Ne5 Qe7 27. dxc5 Bxe5 28.
c6 Nc7 29. Qxb6 Ba6 30. Bxh6 Rb8 31. Qxa5 Rb5 32. Qa4 Bxb2 33. Rd7 Qf6 34. Rxc7
0-1

[Event "?"]
[Site "?"]
[Date "????.??.??"]
[Round "?"]
[White "Neese, H."]
[Black "Gustavsson, S."]
[Result "1/2-1/2"]
[WhiteElo "2246"]
[BlackElo "2029"]
[PlyCount "83"]
[EventDate "2010.??.??"]

1. d4 Nf6 2. Nf3 g6 3. c4 Bg7 4. Nc3 d6 5. Bg5 h6 6. Bd2 O-O 7. e4 Nbd7 8. Qc2
c5 9. d5 a6 10. Be2 Rb8 11. O-O Ne8 12. Bd3 Nc7 13. a4 b6 14. Bf4 Ne5 15. Nxe5
dxe5 16. Be3 f5 17. f3 f4 18. Bf2 a5 19. Rfd1 Qd6 20. Be2 g5 21. Rd3 Bd7 22. b3
Ne8 23. g4 Nf6 24. Kh1 Kf7 25. Rg1 Rh8 26. Nb5 Bxb5 27. cxb5 Nd7 28. Rg2 Bf6
29. Rd1 Rbg8 30. Bc4 Rh7 31. h3 Rgh8 32. Rh2 Nf8 33. Kg2 Ng6 34. Kf1 h5 35. Bg1
h4 36. Qd3 Rc8 37. Rc2 Rhh8 38. Rdc1 Nf8 39. Bf2 Nd7 40. Kg2 Kg6 41. Qf1 Ra8
42. Be1 1/2-1/2

[Event "?"]
[Site "?"]
[Date "????.??.??"]
[Round "?"]
[White "Schmidt, M."]
[Black "Donchenko, A."]
[Result "0-1"]
[WhiteElo "2128"]
[BlackElo "2380"]
[PlyCount "51"]
[EventDate "2010.??.??"]

1. d4 d5 2. Nf3 Nf6 3. e3 e6 4. Bd3 c5 5. b3 Nbd7 6. Bb2 Be7 7. Nbd2 O-O 8. O-O
b6 9. Ne5 Bb7 10. f4 Ne4 11. a3 Nxd2 12. Qxd2 f6 13. Nxd7 Qxd7 14. f5 Bd6 15.
c4 Rad8 16. Qe2 cxd4 17. exd4 e5 18. cxd5 Bxd5 19. Bc4 Bxc4 20. Qxc4+ Qf7 21.
Qxf7+ Kxf7 22. dxe5 Bxe5 23. Rf2 Rd3 24. Rc1 Rfd8 25. Bxe5 fxe5 26. Rc7+ 0-1

[Event "?"]
[Site "?"]
[Date "????.??.??"]
[Round "?"]
[White "Haubt, G."]
[Black "Deppe, C."]
[Result "1-0"]
[WhiteElo "2266"]
[BlackElo "1931"]
[PlyCount "89"]
[EventDate "2010.??.??"]

1. e4 c5 2. Nf3 e6 3. d3 Nc6 4. g3 g6 5. Bg2 Bg7 6. c3 Nge7 7. O-O O-O 8. Be3
d6 9. Qc1 Re8 10. Na3 f5 11. Rd1 e5 12. Nh4 Be6 13. Nc2 Rc8 14. f4 b6 15. Nf3
d5 16. fxe5 Nxe5 17. Ng5 Bf7 18. Bf4 d4 19. cxd4 cxd4 20. Qd2 Qd7 21. Nxf7 Nxf7
22. a4 Nc6 23. Rf1 Ne7 24. a5 g5 25. Bxg5 Nxg5 26. Qxg5 Rxc2 27. exf5 h6 28.
Qh4 Rf8 29. axb6 axb6 30. f6 Bxf6 31. Qxh6 Bg7 32. Qxb6 Rcc8 33. Rxf8+ Rxf8 34.
Be4 Qg4 35. Qd6 Qg5 36. b4 Qe3+ 37. Kh1 Qg5 38. b5 Nc8 39. Qe6+ Kh8 40. b6 Ne7
41. b7 Bh6 42. Rb1 Kg7 43. Qd6 Nf5 44. Qxf8+ Kxf8 45. b8=Q+ 1-0

[Event "?"]
[Site "?"]
[Date "????.??.??"]
[Round "?"]
[White "Zunker, R."]
[Black "Günther, E."]
[Result "1-0"]
[WhiteElo "2160"]
[BlackElo "2039"]
[PlyCount "29"]
[EventDate "2010.??.??"]

1. e4 c5 2. Nf3 Nf6 3. Nc3 d5 4. Bb5+ Bd7 5. e5 d4 6. Bxd7+ Nfxd7 7. Ne4 e6 8.
d3 Nc6 9. Bf4 Qc7 10. O-O Ndxe5 11. Nxe5 Nxe5 12. Qh5 g5 13. Qxg5 f5 14. Qg3
Bg7 15. Ng5 1-0

[Event "?"]
[Site "?"]
[Date "????.??.??"]
[Round "?"]
[White "Opl, K."]
[Black "Wuttke, E."]
[Result "1-0"]
[WhiteElo "2360"]
[BlackElo "2064"]
[PlyCount "81"]
[EventDate "2010.??.??"]

1. e4 Nh6 2. d4 g6 3. Nc3 c6 4. Nf3 b5 5. Bd3 Bg7 6. Bf4 f6 7. Qd2 Nf7 8. O-O-O
O-O 9. e5 d6 10. exf6 exf6 11. h3 d5 12. Rde1 Nd7 13. g4 Nb6 14. Re2 Nc4 15.
Bxc4 dxc4 16. Ne4 Qd5 17. Re3 g5 18. Bg3 f5 19. Nc3 Qd8 20. gxf5 Bxf5 21. Rhe1
Qa5 22. Ne5 Bxe5 23. Bxe5 b4 24. Nb1 c3 25. bxc3 Qxa2 26. cxb4 a5 27. Ra3 Qc4
28. Rxa5 Rxa5 29. bxa5 c5 30. Qc3 Nxe5 31. dxe5 Qf4+ 32. Qe3 Be6 33. Nc3 h6 34.
Qxf4 Rxf4 35. Ne4 c4 36. Re3 Kg7 37. a6 Bd5 38. Nf6 Bf7 39. a7 Rxf2 40. a8=Q
Rf1+ 41. Kb2 1-0

[Event "?"]
[Site "?"]
[Date "????.??.??"]
[Round "?"]
[White "Hollstein, J."]
[Black "Titz, H."]
[Result "1/2-1/2"]
[WhiteElo "2020"]
[BlackElo "2248"]
[PlyCount "114"]
[EventDate "2010.??.??"]

1. d4 Nf6 2. Nf3 e6 3. Nbd2 c5 4. e3 b6 5. Bd3 Bb7 6. O-O Be7 7. e4 cxd4 8.
Nxd4 d6 9. b3 O-O 10. Bb2 Nbd7 11. f3 Ne5 12. Be2 Rc8 13. Rc1 a6 14. c4 Qc7 15.
a3 Rfd8 16. b4 Qb8 17. Qb3 Nc6 18. Rfd1 Nxd4 19. Bxd4 Bc6 20. Nf1 Nd7 21. Ne3
Bf6 22. Rc2 Bxd4 23. Rxd4 Nf6 24. Rcd2 Kf8 25. b5 axb5 26. cxb5 Ba8 27. Qb4 Rc5
28. e5 Rxe5 29. Rxd6 Rxd6 30. Rxd6 Rc5 31. Nc4 Nd5 32. Rxb6 Qxb6 33. Nxb6 Nxb4
34. Nd7+ Ke7 35. Nxc5 Nd5 36. Bd3 f5 37. a4 Kd6 38. Nb3 Nb4 39. Bc4 Bd5 40.
Bxd5 Kxd5 41. Kf1 e5 42. Ke2 Kc4 43. Na5+ Kc5 44. Nb7+ Kb6 45. Nd6 Nd5 46. Nc4+
Kc5 47. Nxe5 Nc3+ 48. Ke3 Nxa4 49. Kf4 Nc3 50. Kxf5 Nxb5 51. Nd7+ Kd4 52. Nf8
Ke3 53. Nxh7 Kf2 54. g4 Nd4+ 55. Kg6 Nxf3 56. g5 Nxh2 57. Kxg7 Nf3 1/2-1/2

[Event "?"]
[Site "?"]
[Date "????.??.??"]
[Round "?"]
[White "Dueckstein, A."]
[Black "Koksch, G."]
[Result "1-0"]
[WhiteElo "2227"]
[BlackElo "2104"]
[PlyCount "68"]
[EventDate "2010.??.??"]

1. d4 e6 2. e4 b6 3. Nc3 Be7 4. Bd3 Nf6 5. Nf3 Bb4 6. Qe2 d5 7. e5 Ne4 8. O-O
Bxc3 9. bxc3 Nxc3 10. Qe3 Ne4 11. Ba3 h6 12. c4 Ng5 13. Nd2 dxc4 14. Bxc4 Ba6
15. Rac1 Bxc4 16. Rxc4 b5 17. Rc5 c6 18. Rc2 a5 19. Bd6 f5 20. f4 Nf7 21. Bxb8
Rxb8 22. Rxc6 Qd5 23. Rfc1 O-O 24. a3 Rfd8 25. Nf3 Rd7 26. R6c5 Qb7 27. Qc3 b4
28. Qb3 bxa3 29. Qxa3 Ra8 30. Rxa5 Rxa5 31. Qxa5 Qe4 32. Qd2 g5 33. fxg5 hxg5
34. Nxg5 Qxd4+ 1-0

[Event "?"]
[Site "?"]
[Date "????.??.??"]
[Round "?"]
[White "Neubert, G."]
[Black "Strobel, F."]
[Result "1/2-1/2"]
[WhiteElo "1997"]
[BlackElo "2148"]
[PlyCount "32"]
[EventDate "2010.??.??"]

1. Nf3 f5 2. c4 Nf6 3. Nc3 g6 4. d4 d6 5. Bg5 Bg7 6. Bxf6 Bxf6 7. e4 Nc6 8. d5
Ne5 9. Nxe5 Bxe5 10. Bd3 O-O 11. Qc2 e6 12. exf5 exf5 13. g4 Qf6 14. O-O Bxc3
15. bxc3 f4 16. Rae1 Bf5 1/2-1/2